000
00218nam a22000857a 4500
008
240910b |||||||| |||| 00| 0 eng d
100
_a
Oswaal
_9
7599
245
_a
Question Bank Science-IX
260
_a
New Delhi
_b
Oswaal
_c
2024
999
_c
12680
_d
12680